Kliknij komitaty Węgier na mapie - Statystyki

Ogólne statystyki
  • Ten quiz został rozwiązany 25 razy
  • Średni wynik to 9 z 20
Odpowiedzi na mapie
Odpowiedzi zakodowano w zielono-czerwonej skali na mapie do tego quizu, zgodnie z poniższymi procentami.
 
Statystyki odpowiedzi
Odpowiedź % Poprawnych
Budapeszt
94%
Pest
81%
Győr-Moson-Sopron
63%
Baranya
50%
Borsod-Abaúj-Zemplén
50%
Nógrád
50%
Békés
44%
Fejér
44%
Hajdú-Bihar
44%
Komárom-Esztergom
44%
Veszprém
44%
Csongrád-Csanád
38%
Heves
38%
Vas
38%
Zala
38%
Jász-Nagykun-Szolnok
31%
Tolna
31%
Bács-Kiskun
25%
Somogy
25%
Szabolcs-Szatmár-Bereg
19%
Nie znaleziono quizów pasujących do podanych kryteriów
Rozkład punktacji
Procent ludzi z każdym wynikiem
Percentyl według liczby udzielonych odpowiedzi
Twoja historia wyników
Nie rozwiązałeś tego quizu